Science Quiz

Random Science or Chemistry Quiz

Element Symbol Capital Cities Quiz Stats

 Plays Quiz Updated May 15, 2017

Also try: Ancient Elements
Challenge
Share
Tweet
Embed
Score 0/31 Timer 04:00
0 Plays Today
Elements Capital % Correct
Calcium Iridium OxygenCairo
66.8%
Sodium Sulphur Sulphur GoldNassau
65.2%
Barium Potassium UraniumBaku
64.5%
Sodium Iridium Oxygen BismuthNairobi
62.3%
Phosphorus Argon Iodine SulphurParis
62%
Titanium Radium SodiumTirana
61.8%
Boron Erbium Lithium NitrogenBerlin
61.8%
Silicon Nitrogen Gallium Polonium RheniumSingapore
61.5%
Bismuth Sulphur Sulphur GoldBissau
61.5%
Potassium Iodine Gallium LithiumKigali
60.6%
Radium Boron AstatineRabat
60.1%
Tellurium Hydrogen Radium NitrogenTehran
59.8%
Carbon Hydrogen Iodine Silicon Sodium UraniumChisinau
59.8%
Carbon Argon Actinium ArsenicCaracas
59.5%
Molybdenum Sodium CobaltMonaco
59.2%
Actinium Carbon RadiumAccra
58.6%
Elements Capital % Correct
Astatine Helium Nitrogen SulphurAthens
57.7%
Molybdenum Scandium Oxygen TungstenMoscow
57.7%
Arsenic Uranium Nitrogen Carbon Iodine Oxygen NitrogenAsuncion
55.4%
Phosphorus Argon Americium Argon Iodine Boron OxygenParamaribo
53.7%
Arsenic Tantalum SodiumAstana
52.6%
Beryllium RadonBern
51.6%
Calcium Niobium Erbium RadiumCanberra
51.4%
Fluorine Uranium Sodium Fluorine Uranium TitaniumFunafuti
51.4%
Arsenic Hydrogen Gallium Boron AstatineAshgabat
48.7%
Praseodymium Iodine Sulphur Titanium SodiumPristina
48.1%
Potassium Americium Protactinium LanthanumKampala
46%
Lithium Antimony Oxygen NitrogenLisbon
45.3%
Yttrium Americium Oxygen Uranium Sulphur Sulphur Oxygen Uranium Krypton Oxygen Yamoussoukro
44.1%
Terbium Iodine Lithium SiliconTbilisi
41.5%
Protactinium Lithium Potassium IridiumPalikir
36.7%

You're not logged in!

Compare scores with friends on all Sporcle quizzes.
Join for Free
OR
Log In

You Might Also Like...

Show Comments

Extras

Top Quizzes Today


Score Distribution

Your Account Isn't Verified!

In order to create a playlist on Sporcle, you need to verify the email address you used during registration. Go to your Sporcle Settings to finish the process.

Report this User

Report this user for behavior that violates our Community Guidelines.

Details: